000
00284nam a22001217a 4500
999
_c
4909
_d
4909
008
250422b ||||| |||| 00| 0 eng d
020
_a
9780545019750
082
_a
813.5 SHA
100
_a
SHANNON,DAVID
_e
AUTHOR
245
_a
GOOD BOY FERGUS!
260
_b
SCHOLASTIC INC
942
_2
ddc